[Event "Bayernliga U20 1314"]
[Site "Bayern"]
[Date "2013.11.16"]
[Round "1.5"]
[White "Wichmann, Adrian"]
[Black "Roedel, David"]
[Result "1-0"]
[WhiteElo "1973"]
[BlackElo "1182"]
[PlyCount "53"]
[EventDate "2013.11.16"]
[EventType "team-tourn"]
[EventRounds "7"]
[EventCountry "GER"]
[SourceTitle "EXT 2022"]
[Source "ChessBase"]
[SourceDate "2021.10.06"]
[SourceVersion "1"]
[SourceVersionDate "2021.10.06"]
[SourceQuality "1"]
[WhiteTeam "Forchheim SC U20"]
[BlackTeam "Hoechstadt SC U20"]
[WhiteTeamCountry "GER"]
[BlackTeamCountry "GER"]

1. e4 e5 2. Nf3 Nc6 3. Bc4 Bc5 4. b4 Bxb4 5. c3 Be7 6. d4 Bf6 7. 0-0 d6 8. dxe5 Bxe5 9. Nd4 Nf6 10. Nxc6 bxc6 11. f4 Bg4 12. Qe1 h6 13. fxe5 dxe5 14. Ba3 Bh5 15. Qg3 Nd7 16. Qxg7 Rf8 17. Bxf8 Nxf8 18. Bxf7+ Ke7 19. Bxh5+ Kd6 20. Rd1+ Kc5 21. Rxd8 Rxd8 22. Qe7+ Rd6 23. Qxf8 Kb6 24. Qb8+ Ka5 25. Qb4+ Ka6 26. Be2+ Rd3 27. Bxd3# 1-0

[Event "Oberfranken-ch U16 1213"]
[Site "Schney"]
[Date "2013.01.03"]
[Round "3"]
[White "Gebhardt, Michael"]
[Black "Roedel, David"]
[Result "1-0"]
[WhiteElo "1282"]
[BlackElo "1028"]
[PlyCount "111"]
[EventDate "2013.01.03"]
[EventType "swiss"]
[EventRounds "7"]
[EventCountry "GER"]
[SourceTitle "EXT 2015"]
[Source "ChessBase"]
[SourceDate "2014.11.20"]
[SourceVersion "1"]
[SourceVersionDate "2014.11.20"]
[SourceQuality "1"]

1. e4 e5 2. Nf3 Nc6 3. d4 d6 4. dxe5 dxe5 5. Qxd8+ Nxd8 6. Nxe5 Nf6 7. Bd3 Bd6 8. Nc4 Bc5 9. Be3 Ne6 10. Nc3 b6 11. Nd5 Nxd5 12. exd5 Nd4 13. c3 Nf5 14. Bxc5 bxc5 15. 0-0 0-0 16. Be4 Rb8 17. b3 Re8 18. Rfe1 Ba6 19. Bxf5 Rxe1+ 20. Rxe1 Bxc4 21. bxc4 g6 22. Bd7 Kg7 23. g3 h5 24. Re7 Kf6 25. Re4 g5 26. Kg2 Rb2 27. a4 Rc2 28. Re3 Kg6 29. Be8 a6 30. Rf3 Kh6 31. Bxf7 g4 32. Re3 Ra2 33. Be8 Ra3 34. h3 a5 35. hxg4 hxg4 36. f3 gxf3+ 37. Kxf3 Kg5 38. Bd7 Ra1 39. Ke4 Rh1 40. Ke5 Rh7 41. Ke6 Rh6+ 42. Kf7 Rh7+ 43. Ke8 Rh8+ 44. Ke7 Rh7+ 45. Kd8 Kf6 46. Kxc7 Rg7 47. d6 Kg6 48. Re7 Rxe7 49. dxe7 Kg5 50. e8Q Kf6 51. Qe6+ Kg5 52. Qf5+ Kh6 53. Qg4 Kh7 54. Kd6 Kh6 55. Ke6 Kh7 56. Kf7 1-0